000 01224nam0a22002651 4500
001 v19\rc\1220424
005 20260406165927.0
035 _a(NLR Aleph) 004382660
090 _a3647134
_c3647134
100 _a20060306e18751875|||y0rusy50 ca
101 0 _arus
102 _aRU
105 _ay z |||||
200 1 _aОт... Комиссии по участию России в Международной выставке 1876 года в Филадельфии
210 _a[Санкт-Петербург
_d1875]
215 _a1 л.
311 _aИз № 270 "Правит. вестника" 1875 г.
488 0 _12001#$aПравительственный вестник$v1875, № 270
_tПравительственный вестник
532 1 3 _aОт Комиссии по участию России в Международной выставке 1876 года в Филадельфии
710 0 1 _aРоссия
_bКомиссия по участию России в международной выставке 1876 года в Филадельфии
_9369266
_3RU\NLR\AUTH\889937242
801 0 _aRU
_bNLR
_gpsbo
801 1 _aRU
_bProSoft-M
_2rusmarc
852 _aNLR
_j18.125.7.274
942 _cBOOK
980 _aNB